[Event "España tch División de Honor Grupo 1"]
[Site "Palma de Mallorca ESP"]
[Date "2008.09.03"]
[Round "1.12"]
[White "Mamedov, Rauf"]
[Black "Kasimdzhanov, Rustam"]
[Result "1/2-1/2"]
[PlyCount "26"]
[EventDate "2008.09.03"]
[EventType "team"]
[EventRounds "5"]
[EventCountry "ESP"]
[Source "lmi"]
[SourceDate "2008.09.03"]
[WhiteElo "2627"]
[BlackElo "2679"]

1. e4 c5 2. Nf3 e6 3. c3 d5 4. exd5 exd5 5. d4 Nc6 6. Bb5 cxd4 7. Nxd4 Bd7 8.
O-O Bd6 9. c4 Nge7 10. Nc3 dxc4 11. Bxc4 O-O 12. Bg5 h6 13. Bh4 Nxd4 1/2-1/2

[Event "España tch División de Honor Grupo 1"]
[Site "Palma de Mallorca ESP"]
[Date "2008.09.03"]
[Round "1.13"]
[White "Van Wely, Loek"]
[Black "Fernandez Romero, Ernesto"]
[Result "1-0"]
[PlyCount "65"]
[EventDate "2008.09.03"]
[EventType "team"]
[EventRounds "5"]
[EventCountry "ESP"]
[Source "lmi"]
[SourceDate "2008.09.03"]
[WhiteElo "2644"]
[BlackElo "2455"]

1. d4 d5 2. c4 c6 3. Nf3 Nf6 4. e3 a6 5. Nc3 b5 6. c5 Nbd7 7. b4 g6 8. a4 Bb7
9. Bb2 Bg7 10. Bd3 O-O 11. O-O Qc7 12. Ra2 Rae8 13. h3 Nh5 14. Be2 f5 15. Ng5
e5 16. Bxh5 gxh5 17. dxe5 Nxe5 18. Ne2 h6 19. Bxe5 Rxe5 20. Nf3 Re4 21. Qb1 a5
22. bxa5 Rxa4 23. Rxa4 bxa4 24. Ned4 Ba6 25. Rc1 Qxa5 26. Nxf5 Rxf5 27. Qxf5 a3
28. Ne5 a2 29. Ra1 Bd3 30. Qf7+ Kh8 31. Nxc6 Qxc5 32. Qe8+ Kh7 33. Ne7 1-0

[Event "España tch División de Honor Grupo 1"]
[Site "Palma de Mallorca ESP"]
[Date "2008.09.03"]
[Round "1.14"]
[White "Glud, Jakob Vang"]
[Black "Bauer, Christian"]
[Result "0-1"]
[PlyCount "72"]
[EventDate "2008.09.03"]
[EventType "team"]
[EventRounds "5"]
[EventCountry "ESP"]
[Source "lmi"]
[SourceDate "2008.09.03"]
[WhiteElo "2441"]
[BlackElo "2583"]

1. c4 Nf6 2. g3 c5 3. Bg2 d5 4. Nf3 dxc4 5. Na3 Nc6 6. Nxc4 e6 7. O-O Be7 8. b3
O-O 9. Bb2 Bd7 10. d4 Qc7 11. Rc1 Rfd8 12. dxc5 Bxc5 13. Nce5 Be8 14. Qc2 Bd6
15. Nxc6 Qxc6 16. Bxf6 Qxc2 17. Rxc2 gxf6 18. Ne1 Rab8 19. Nd3 b6 20. a4 Rbc8
21. Rfc1 Rxc2 22. Rxc2 Kf8 23. Bb7 Bd7 24. Ba6 Ke7 25. Rc4 e5 26. Nb4 Bxb4 27.
Rxb4 Be6 28. Kg2 Rd2 29. Bc4 Bd7 30. f3 Rd4 31. Kf2 f5 32. Ke1 f4 33. gxf4 exf4
34. e3 fxe3 35. Ke2 Kd6 36. Kxe3 Kc5 0-1

[Event "España tch División de Honor Grupo 1"]
[Site "Palma de Mallorca ESP"]
[Date "2008.09.03"]
[Round "1.15"]
[White "Cifuentes Parada, Roberto"]
[Black "Bellon Lopez, Juan Manuel"]
[Result "1/2-1/2"]
[PlyCount "104"]
[EventDate "2008.09.03"]
[EventType "team"]
[EventRounds "5"]
[EventCountry "ESP"]
[Source "lmi"]
[SourceDate "2008.09.03"]
[WhiteElo "2529"]
[BlackElo "2425"]

1. Nf3 d5 2. d4 Nf6 3. c4 c6 4. e3 Bf5 5. Nc3 e6 6. Nh4 Bg6 7. Be2 Nbd7 8. Bd2
Bd6 9. h3 O-O 10. Nxg6 hxg6 11. Qc2 Qe7 12. O-O dxc4 13. Bxc4 Rac8 14. Rfd1 c5
15. dxc5 Nxc5 16. Rac1 a6 17. a4 g5 18. Be1 g4 19. hxg4 Nxg4 20. Be2 Nf6 21. a5
Nce4 22. Qa4 Nxc3 23. Rxc3 Nd5 24. Rxc8 Rxc8 25. Bf3 Be5 26. Qb3 Rc5 27. Qa3
Qc7 28. e4 Nf6 29. b4 Rc4 30. Qd3 Rd4 31. Qe2 Rxd1 32. Qxd1 Qc4 33. Be2 Qc6 34.
f3 Bc3 35. Bxc3 Qxc3 36. Qd8+ Kh7 37. Qd3 Qe1+ 38. Bf1 g6 39. b5 Qxa5 40. bxa6
Qc5+ 41. Kh2 Qe5+ 42. Kg1 bxa6 43. Qxa6 Qc5+ 44. Kh2 Nh5 45. Qb7 Qe5+ 46. Kg1
Qd4+ 47. Kh2 Qd6+ 48. Kg1 Qc5+ 49. Kh2 Qd6+ 50. Kg1 Qd4+ 51. Kh2 Qe5+ 52. Kg1
Qd4+ 1/2-1/2

[Event "España tch División de Honor Grupo 1"]
[Site "Palma de Mallorca ESP"]
[Date "2008.09.03"]
[Round "1.16"]
[White "Mascaro March, Pedro"]
[Black "Argandona Riveiro, Inigo"]
[Result "1/2-1/2"]
[PlyCount "31"]
[EventDate "2008.09.03"]
[EventType "team"]
[EventRounds "5"]
[EventCountry "ESP"]
[Source "lmi"]
[SourceDate "2008.09.03"]
[WhiteElo "2367"]
[BlackElo "2375"]

1. d4 d5 2. c4 c6 3. Nc3 Nf6 4. e3 a6 5. Nf3 b5 6. b3 Bg4 7. Be2 e6 8. O-O Bd6
9. h3 Bh5 10. Ne5 Bxe2 11. Nxe2 Qc7 12. Bb2 Nbd7 13. cxd5 cxd5 14. Rc1 Qb8 15.
Nxd7 Kxd7 16. f3 1/2-1/2

[Event "España tch División de Honor Grupo 1"]
[Site "Palma de Mallorca ESP"]
[Date "2008.09.03"]
[Round "1.25"]
[White "Akopian, Vladimir"]
[Black "Giorgadze, Giorgi"]
[Result "1-0"]
[PlyCount "67"]
[EventDate "2008.09.03"]
[EventType "team"]
[EventRounds "5"]
[EventCountry "ESP"]
[Source "lmi"]
[SourceDate "2008.09.03"]
[WhiteElo "2673"]
[BlackElo "2592"]

1. e4 e5 2. Nf3 Nc6 3. Bb5 Nf6 4. d3 d6 5. c3 a6 6. Ba4 g6 7. O-O Bg7 8. Re1
O-O 9. Nbd2 b5 10. Bc2 d5 11. a4 Rb8 12. b4 dxe4 13. dxe4 Nh5 14. Nb3 Nf4 15.
Qxd8 Rxd8 16. Be3 h6 17. Nc5 Ne6 18. Bb3 Nxc5 19. Bxc5 Bb7 20. Bd5 Rd7 21. axb5
axb5 22. h4 Nd8 23. Rad1 Bxd5 24. Rxd5 Rxd5 25. exd5 f6 26. h5 g5 27. Ra1 Nb7
28. Ra7 Nxc5 29. bxc5 Rd8 30. Rxc7 Rxd5 31. g4 f5 32. c6 fxg4 33. Nd2 Rxd2 34.
Rxg7+ 1-0

[Event "España tch División de Honor Grupo 1"]
[Site "Palma de Mallorca ESP"]
[Date "2008.09.03"]
[Round "1.32"]
[White "Korneev, Oleg"]
[Black "Avrukh, Boris"]
[Result "1/2-1/2"]
[PlyCount "47"]
[EventDate "2008.09.03"]
[EventType "team"]
[EventRounds "5"]
[EventCountry "ESP"]
[Source "lmi"]
[SourceDate "2008.09.03"]
[WhiteElo "2631"]
[BlackElo "2656"]

1. e4 e5 2. Nf3 Nc6 3. Bb5 a6 4. Ba4 Nf6 5. O-O b5 6. Bb3 Bc5 7. a4 Rb8 8. c3
d6 9. d4 Bb6 10. axb5 axb5 11. Qd3 O-O 12. Bg5 exd4 13. cxd4 h6 14. Bh4 g5 15.
e5 gxh4 16. Qg6+ Kh8 17. Qxh6+ Nh7 18. Bc2 f5 19. exf6 Rf7 20. Ng5 Qxf6 21.
Nxf7+ Qxf7 22. Bxh7 Qxh7 23. Qf8+ Qg8 24. Qh6+ 1/2-1/2

[Event "España tch División de Honor Grupo 1"]
[Site "Palma de Mallorca ESP"]
[Date "2008.09.03"]
[Round "1.35"]
[White "Romero Holmes, Alfonso"]
[Black "Aleksandrov, Aleksej"]
[Result "0-1"]
[PlyCount "90"]
[EventDate "2008.09.03"]
[EventType "team"]
[EventRounds "5"]
[EventCountry "ESP"]
[Source "lmi"]
[SourceDate "2008.09.03"]
[WhiteElo "2534"]
[BlackElo "2574"]

1. d4 d5 2. c4 e6 3. Nf3 Nf6 4. g3 dxc4 5. Bg2 a6 6. O-O Nc6 7. Nc3 Nd5 8. e4
Nxc3 9. bxc3 Be7 10. Nd2 e5 11. Nxc4 exd4 12. cxd4 Nxd4 13. Bb2 c5 14. e5 O-O
15. Bxd4 cxd4 16. Qd3 Rb8 17. a4 Be6 18. Rfd1 Qc7 19. Nd6 Bxd6 20. exd6 Qxd6
21. Qxd4 Qxd4 22. Rxd4 b5 23. axb5 axb5 24. Rb4 Rfc8 25. Bf1 Bd7 26. Rab1 Rc5
27. h4 Kf8 28. Re1 Ra8 29. Reb1 Ra5 30. Rd4 Ke7 31. Re4+ Kd6 32. Kh2 Rd5 33.
Rf4 f6 34. Bh3 f5 35. Bg2 Rd2 36. Bf1 Kc5 37. Rc1+ Kb6 38. Re1 Ra4 39. Rf3 Re4
40. Rxe4 fxe4 41. Rf7 e3 42. Rxg7 b4 43. Re7 exf2 44. Re3 Bb5 45. Re6+ Kc7 0-1

[Event "España tch División de Honor Grupo 1"]
[Site "Palma de Mallorca ESP"]
[Date "2008.09.04"]
[Round "2.12"]
[White "Korneev, Oleg"]
[Black "Mamedov, Rauf"]
[Result "0-1"]
[PlyCount "96"]
[EventDate "2008.09.03"]
[EventType "team"]
[EventRounds "5"]
[EventCountry "ESP"]
[Source "lmi"]
[SourceDate "2008.09.03"]
[WhiteElo "2631"]
[BlackElo "2627"]

1. e4 c5 2. Nf3 d6 3. d4 cxd4 4. Nxd4 Nf6 5. Nc3 Nc6 6. Bg5 e6 7. Qd2 a6 8.
O-O-O Be7 9. Bxf6 gxf6 10. f4 Nxd4 11. Qxd4 b5 12. e5 d5 13. Kb1 Bd7 14. f5
fxe5 15. Qxe5 Bf6 16. Qe1 Qe7 17. fxe6 fxe6 18. g3 O-O 19. Bh3 Rae8 20. Ne2 Qg7
21. Qb4 a5 22. Qxa5 Bxb2 23. Qb4 Bf6 24. Nf4 Bc3 25. Qd6 Be5 26. Qb4 Qh6 27.
Nxd5 Qxh3 28. Ne7+ Rxe7 29. Qxe7 Be8 30. Rhe1 Bg7 31. Qxe6+ Qxe6 32. Rxe6 Bh5
33. Rc1 Ra8 34. c4 Bg4 35. Rc6 Bf5+ 36. Rc2 b4 37. Rb6 Bc3 38. Kc1 Bxc2 39.
Kxc2 Rxa2+ 40. Kb3 Rxh2 41. c5 Rb2+ 42. Kc4 Be1 43. g4 Rg2 44. c6 Rxg4+ 45. Kb5
Bg3 46. Rb7 Rg7 47. Kxb4 Rxb7+ 48. cxb7 h5 0-1

[Event "España tch División de Honor Grupo 1"]
[Site "Palma de Mallorca ESP"]
[Date "2008.09.04"]
[Round "2.22"]
[White "Avrukh, Boris"]
[Black "Graf, Alexander"]
[Result "1/2-1/2"]
[PlyCount "64"]
[EventDate "2008.09.03"]
[EventType "team"]
[EventRounds "5"]
[EventCountry "ESP"]
[Source "lmi"]
[SourceDate "2008.09.03"]
[WhiteElo "2656"]
[BlackElo "2621"]

1. d4 Nf6 2. c4 e6 3. g3 d5 4. Nf3 dxc4 5. Bg2 c5 6. O-O Nc6 7. Qa4 Bd7 8. Qxc4
Qb6 9. dxc5 Qxc5 10. Na3 Be7 11. Rd1 O-O 12. Bf4 Qb6 13. Qb5 Bxa3 14. Qxb6 axb6
15. bxa3 Rfc8 16. Rd3 Na5 17. Rb1 Bc6 18. Rd4 b5 19. Ne5 Nd5 20. Bd2 Nc4 21.
Nxc4 bxc4 22. e4 Nf6 23. Bb4 b5 24. f3 Nd7 25. Bd6 Nb6 26. Rbd1 Na4 27. Bf1 Be8
28. Bb4 Nc5 29. Rc1 Na6 30. Bc3 Nc5 31. Bb4 Na6 32. Bc3 Nc5 1/2-1/2

[Event "España tch División de Honor Grupo 1"]
[Site "Palma de Mallorca ESP"]
[Date "2008.09.04"]
[Round "2.23"]
[White "Gustafsson, Jan"]
[Black "Moiseenko, Alexander"]
[Result "1/2-1/2"]
[PlyCount "43"]
[EventDate "2008.09.03"]
[EventType "team"]
[EventRounds "5"]
[EventCountry "ESP"]
[Source "lmi"]
[SourceDate "2008.09.03"]
[WhiteElo "2620"]
[BlackElo "2632"]

1. d4 Nf6 2. c4 e6 3. Nf3 Bb4+ 4. Nbd2 O-O 5. a3 Be7 6. e4 d5 7. Bd3 c5 8. dxc5
dxe4 9. Nxe4 Nxe4 10. Bxe4 Qxd1+ 11. Kxd1 Bxc5 12. b4 Be7 13. Bb2 Nd7 14. Kc2
Nf6 15. Bxf6 gxf6 16. g4 Rd8 17. Rhd1 Bd7 18. Kb3 Rab8 19. Rd2 Be8 20. Rad1
Rxd2 21. Rxd2 h5 22. h3 1/2-1/2

[Event "España tch División de Honor Grupo 1"]
[Site "Palma de Mallorca ESP"]
[Date "2008.09.05"]
[Round "3.14"]
[White "Glud, Jakob Vang"]
[Black "Cheparinov, Ivan"]
[Result "0-1"]
[PlyCount "98"]
[EventDate "2008.09.03"]
[EventType "team"]
[EventRounds "5"]
[EventCountry "ESP"]
[Source "lmi"]
[SourceDate "2008.09.03"]
[WhiteElo "2441"]
[BlackElo "2687"]

1. c4 Nf6 2. g3 g6 3. Bg2 d5 4. cxd5 Nxd5 5. Nc3 Nb6 6. Nf3 Bg7 7. O-O O-O 8.
d4 Nc6 9. e3 Re8 10. b3 e5 11. Bb2 Bg4 12. dxe5 Nxe5 13. Qxd8 Raxd8 14. Nxe5
Bxe5 15. h3 Rd2 16. Bc1 Rc2 17. hxg4 Bxc3 18. Rb1 c6 19. a4 Nd7 20. Ba3 Ra2 21.
Rbc1 Rxa3 22. Rxc3 Nb6 23. Rfc1 Rd8 24. Be4 Rd2 25. Kg2 Kf8 26. g5 Rb2 27. Rd3
Ke7 28. Rh1 Raa2 29. Rf1 Nd7 30. Rc3 Nf8 31. Bb1 Ra3 32. Bc2 Ne6 33. f4 Raa2
34. Rc1 Nc7 35. e4 Ne6 36. Kh3 Nd4 37. Bd1 Rh2+ 38. Kg4 f5+ 39. gxf6+ Kxf6 40.
f5 Raf2 41. e5+ Kf7 42. fxg6+ Kxg6 43. Bf3 Ne2 44. Be4+ Kf7 45. a5 a6 46. Bf5
Rhg2 47. Bc8 Kg6 48. Bf5+ Rxf5 49. Rxc6+ bxc6 0-1

[Event "España tch División de Honor Grupo 1"]
[Site "Palma de Mallorca ESP"]
[Date "2008.09.05"]
[Round "3.16"]
[White "Mascaro March, Pedro"]
[Black "Perez Candelario, Manuel"]
[Result "0-1"]
[PlyCount "52"]
[EventDate "2008.09.03"]
[EventType "team"]
[EventRounds "5"]
[EventCountry "ESP"]
[Source "lmi"]
[SourceDate "2008.09.03"]
[WhiteElo "2367"]
[BlackElo "2537"]

1. d4 d5 2. c4 e6 3. Nc3 c6 4. Nf3 dxc4 5. e3 b5 6. a4 Bb4 7. Bd2 a5 8. axb5
Bxc3 9. Bxc3 cxb5 10. b3 Bb7 11. d5 Nf6 12. bxc4 b4 13. Bxf6 Qxf6 14. Qa4+ Nd7
15. Nd4 e5 16. Nb3 Ke7 17. Be2 Rhc8 18. O-O Nc5 19. Nxc5 Rxc5 20. Rad1 Kf8 21.
f4 Re8 22. Qd7 Bc8 23. Qa7 Qe7 24. Qb6 exf4 25. Rxf4 Qxe3+ 26. Rf2 Rxd5 0-1

[Event "España tch División de Honor Grupo 1"]
[Site "Palma de Mallorca ESP"]
[Date "2008.09.05"]
[Round "3.24"]
[White "Zhang, Pengxiang"]
[Black "Conquest, Stuart C"]
[Result "1/2-1/2"]
[PlyCount "56"]
[EventDate "2008.09.03"]
[EventType "team"]
[EventRounds "5"]
[EventCountry "ESP"]
[Source "lmi"]
[SourceDate "2008.09.03"]
[WhiteElo "2643"]
[BlackElo "2536"]

1. e4 c5 2. Nf3 g6 3. c3 d5 4. exd5 Qxd5 5. d4 Bg7 6. Be3 cxd4 7. Nxd4 Nf6 8.
Nb5 Qxd1+ 9. Kxd1 Nd5 10. Bxa7 Nc6 11. Bd4 Nxd4 12. Nxd4 O-O 13. Nd2 Rd8 14.
Bc4 Nb6 15. Bb3 Bxd4 16. cxd4 Rxd4 17. Ke2 Bd7 18. Rhd1 Bb5+ 19. Ke1 Na4 20.
Bxa4 Raxa4 21. f3 Rd3 22. b3 Re3+ 23. Kf2 Re2+ 24. Kg3 Rd4 25. Ne4 Rxd1 26.
Rxd1 Bc6 27. Nc3 Rc2 28. Nd5 Rxa2 1/2-1/2

[Event "España tch División de Honor Grupo 1"]
[Site "Palma de Mallorca ESP"]
[Date "2008.09.05"]
[Round "3.25"]
[White "Romero Holmes, Alfonso"]
[Black "Cifuentes Parada, Roberto"]
[Result "0-1"]
[PlyCount "84"]
[EventDate "2008.09.03"]
[EventType "team"]
[EventRounds "5"]
[EventCountry "ESP"]
[Source "lmi"]
[SourceDate "2008.09.03"]
[WhiteElo "2534"]
[BlackElo "2529"]

1. e4 c5 2. Nf3 Nc6 3. d4 cxd4 4. Nxd4 Nf6 5. Nc3 e6 6. Be2 d6 7. Be3 Bd7 8.
Qd2 Nxd4 9. Qxd4 Bc6 10. O-O-O a6 11. g4 d5 12. exd5 Nxd5 13. Bf3 Nxe3 14.
Bxc6+ bxc6 15. Qxe3 Qc7 16. Qd4 Be7 17. Qc4 O-O 18. Kb1 Rab8 19. b3 Rb4 20. Qe2
c5 21. Rhe1 Qxh2 22. Nd5 exd5 23. Qxe7 Qxf2 24. Rxd5 g6 25. g5 Rb7 26. Qe4 c4
27. Re2 Qg1+ 28. Re1 Qg3 29. Re3 Qh2 30. Rd1 cxb3 31. axb3 Rc8 32. Rc3 Qb8 33.
Rh3 Rb4 34. Qh1 Qb7 35. Qh2 Rb5 36. Rdd3 h5 37. gxh6 Kh7 38. Qd2 Rf5 39. Rd7
Qb6 40. Rc3 Rf1+ 41. Kb2 Qa5 42. Qe1 Rxe1 0-1

[Event "España tch División de Honor Grupo 1"]
[Site "Palma de Mallorca ESP"]
[Date "2008.09.05"]
[Round "3.26"]
[White "Argandona Riveiro, Inigo"]
[Black "Gomez Esteban, Juan Mario"]
[Result "1-0"]
[PlyCount "55"]
[EventDate "2008.09.03"]
[EventType "team"]
[EventRounds "5"]
[EventCountry "ESP"]
[Source "lmi"]
[SourceDate "2008.09.03"]
[WhiteElo "2375"]
[BlackElo "2503"]

1. Nf3 Nf6 2. c4 b6 3. g3 c5 4. Bg2 Bb7 5. O-O e6 6. Nc3 a6 7. d4 cxd4 8. Qxd4
d6 9. Bg5 Nbd7 10. Rfd1 Be7 11. Qd2 O-O 12. Bf4 Ne8 13. Rac1 Rc8 14. b3 Qc7 15.
Qe3 Qb8 16. Bh3 Bxf3 17. exf3 Nef6 18. Nd5 exd5 19. Qxe7 Rfe8 20. Qxd6 Qxd6 21.
Bxd6 dxc4 22. Bf4 cxb3 23. Rxc8 Rxc8 24. axb3 Re8 25. Bxd7 Rd8 26. Rc1 Nxd7 27.
Rd1 Kf8 28. Bd6+ 1-0

[Event "España tch División de Honor Grupo 1"]
[Site "Palma de Mallorca ESP"]
[Date "2008.09.05"]
[Round "3.32"]
[White "Graf, Alexander"]
[Black "Korneev, Oleg"]
[Result "1/2-1/2"]
[PlyCount "44"]
[EventDate "2008.09.03"]
[EventType "team"]
[EventRounds "5"]
[EventCountry "ESP"]
[Source "lmi"]
[SourceDate "2008.09.03"]
[WhiteElo "2621"]
[BlackElo "2631"]

1. d4 d5 2. c4 c6 3. cxd5 cxd5 4. Nc3 Nc6 5. Bf4 Nf6 6. e3 a6 7. Be2 e6 8. Nf3
Be7 9. Nd2 O-O 10. O-O Bd7 11. Nb3 Na7 12. Rc1 Qb6 13. Bd3 Rfc8 14. Qe2 Qd8 15.
Rfd1 b5 16. a3 Nc6 17. Nc5 Na5 18. b4 Nc4 19. a4 Qe8 20. Rb1 Bc6 21. Bxc4 dxc4
22. e4 bxa4 1/2-1/2

[Event "España tch División de Honor Grupo 1"]
[Site "Palma de Mallorca ESP"]
[Date "2008.09.06"]
[Round "4.13"]
[White "Fernandez Romero, Ernesto"]
[Black "Gustafsson, Jan"]
[Result "1/2-1/2"]
[PlyCount "42"]
[EventDate "2008.09.03"]
[EventType "team"]
[EventRounds "5"]
[EventCountry "ESP"]
[Source "lmi"]
[SourceDate "2008.09.03"]
[WhiteElo "2455"]
[BlackElo "2620"]

1. e4 e5 2. Nf3 Nc6 3. Bb5 a6 4. Ba4 Nf6 5. O-O Be7 6. Re1 b5 7. Bb3 O-O 8. c3
d5 9. exd5 Nxd5 10. Nxe5 Nxe5 11. Rxe5 c6 12. d3 Bd6 13. Re1 Qh4 14. g3 Qh3 15.
Re4 Qd7 16. Nd2 Bb7 17. Re1 c5 18. Ne4 Be7 19. a4 h6 20. axb5 axb5 21. Rxa8
Bxa8 1/2-1/2

[Event "España tch División de Honor Grupo 1"]
[Site "Palma de Mallorca ESP"]
[Date "2008.09.06"]
[Round "4.15"]
[White "Bellon Lopez, Juan Manuel"]
[Black "Giorgadze, Giorgi"]
[Result "1/2-1/2"]
[PlyCount "82"]
[EventDate "2008.09.03"]
[EventType "team"]
[EventRounds "5"]
[EventCountry "ESP"]
[Source "lmi"]
[SourceDate "2008.09.03"]
[WhiteElo "2425"]
[BlackElo "2592"]

1. d4 d5 2. c4 e6 3. Nf3 Nf6 4. Nc3 Bb4 5. cxd5 exd5 6. Bg5 Qd6 7. Bxf6 Qxf6 8.
Qb3 Qb6 9. Rc1 Ba5 10. Nd2 Be6 11. e3 O-O 12. a3 c6 13. Bd3 g6 14. h4 Nd7 15.
Qc2 Qd8 16. Nf3 Bg4 17. b4 Bb6 18. Na4 Qf6 19. Be2 Bc7 20. Nc5 Nxc5 21. bxc5
Rae8 22. Kf1 Re7 23. Rb1 b5 24. cxb6 axb6 25. Rc1 Bd7 26. Qb3 h5 27. a4 Ra8 28.
Bd1 Kg7 29. Kg1 Be8 30. Qb4 Ra6 31. Ng5 Bd6 32. Qd2 c5 33. dxc5 Bxc5 34. Rh3 d4
35. exd4 Qxd4 36. Qxd4+ Bxd4 37. Bb3 Bxa4 38. Bxf7 Rxf7 39. Ne6+ Kf6 40. Nxd4
Bd7 41. Rb3 Kg7 1/2-1/2

[Event "España tch División de Honor Grupo 1"]
[Site "Palma de Mallorca ESP"]
[Date "2008.09.06"]
[Round "4.16"]
[White "Salgado Lopez, Ivan"]
[Black "Nadal Bestard, Sebastia"]
[Result "1-0"]
[PlyCount "63"]
[EventDate "2008.09.03"]
[EventType "team"]
[EventRounds "5"]
[EventCountry "ESP"]
[Source "lmi"]
[SourceDate "2008.09.03"]
[WhiteElo "2532"]
[BlackElo "1849"]

1. e4 c5 2. Nf3 d6 3. d4 cxd4 4. Nxd4 a6 5. Nc3 Nf6 6. Be3 b5 7. a4 b4 8. Nd5
Nxd5 9. exd5 Bb7 10. Bc4 Qc8 11. Bb3 g6 12. a5 Bg7 13. Qd2 O-O 14. Qxb4 Nd7 15.
h3 Rb8 16. Qa3 Ne5 17. Qa2 Qc7 18. f4 Nd7 19. O-O Nf6 20. Rfd1 Ne4 21. c4 Ba8
22. Bc2 Ng3 23. Kh2 Nh5 24. Rd2 Rfe8 25. Ba4 Bxd4 26. Bxd4 Rec8 27. Bb6 Qxc4
28. Qxc4 Rxc4 29. b3 Rxf4 30. Re1 Kf8 31. Be3 Rf5 32. g4 1-0

[Event "España tch División de Honor Grupo 1"]
[Site "Palma de Mallorca ESP"]
[Date "2008.09.06"]
[Round "4.24"]
[White "Kuzubov, Yuriy"]
[Black "Zhang, Pengxiang"]
[Result "1/2-1/2"]
[PlyCount "67"]
[EventDate "2008.09.03"]
[EventType "team"]
[EventRounds "5"]
[EventCountry "ESP"]
[Source "lmi"]
[SourceDate "2008.09.03"]
[WhiteElo "2578"]
[BlackElo "2643"]

1. d4 d5 2. c4 c6 3. Nf3 Nf6 4. e3 Bg4 5. Nc3 e6 6. h3 Bxf3 7. Qxf3 Nbd7 8. Bd3
Bd6 9. Bd2 O-O 10. cxd5 cxd5 11. O-O Rc8 12. Rac1 Bb4 13. a3 Bxc3 14. Bxc3 Qb6
15. Qd1 a6 16. Qa4 Qc6 17. Qxc6 Rxc6 18. Bd2 Rfc8 19. Rxc6 Rxc6 20. Rc1 Rxc1+
21. Bxc1 Ne8 22. g4 g6 23. f3 f5 24. Kf2 Kf7 25. e4 fxe4 26. fxe4 Nb8 27. Bf4
Nc6 28. Ke3 Ke7 29. Bg5+ Kf7 30. Bf4 Ke7 31. h4 Nf6 32. Bg5 h6 33. Bxf6+ Kxf6
34. e5+ 1/2-1/2

[Event "España tch División de Honor Grupo 1"]
[Site "Palma de Mallorca ESP"]
[Date "2008.09.06"]
[Round "4.25"]
[White "Cifuentes Parada, Roberto"]
[Black "Aleksandrov, Aleksej"]
[Result "0-1"]
[PlyCount "116"]
[EventDate "2008.09.03"]
[EventType "team"]
[EventRounds "5"]
[EventCountry "ESP"]
[Source "lmi"]
[SourceDate "2008.09.03"]
[WhiteElo "2529"]
[BlackElo "2574"]

1. d4 Nf6 2. c4 e6 3. Nf3 d5 4. g3 dxc4 5. Bg2 a6 6. O-O Nc6 7. e3 Bd7 8. Qe2
b5 9. Rd1 Be7 10. e4 O-O 11. Nc3 Qc8 12. Bg5 h6 13. Bxf6 Bxf6 14. e5 Be7 15. d5
Nb4 16. d6 Bd8 17. a3 Nd5 18. Nxd5 exd5 19. Rxd5 cxd6 20. Rad1 Re8 21. Rxd6 Bg4
22. h3 Bf5 23. Nd4 Bd3 24. Qf3 Ra7 25. Nc6 Rc7 26. Qd5 Be7 27. Nxe7+ Rcxe7 28.
f4 Re6 29. Rxe6 fxe6 30. Qd6 Qd8 31. Qxd8 Rxd8 32. Kf2 Rc8 33. Ke3 a5 34. b4
axb4 35. axb4 Bc2 36. Rd6 Kf7 37. Rd7+ Kf8 38. Bb7 Re8 39. Kd4 Ba4 40. Be4 Re7
41. Rd6 Rc7 42. Kc3 Kf7 43. g4 g6 44. Rd8 Kg7 45. f5 gxf5 46. gxf5 exf5 47.
Bxf5 Rf7 48. e6 Re7 49. Kd4 Kf6 50. Rf8+ Kg7 51. Rc8 Kf6 52. Rc5 h5 53. Be4
Rxe6 54. Rxh5 Rd6+ 55. Bd5 Rd8 56. h4 Bd1 57. Rh7 Kg6 58. Rb7 Rxd5+ 0-1

[Event "España tch División de Honor Grupo 1"]
[Site "Palma de Mallorca ESP"]
[Date "2008.09.06"]
[Round "4.26"]
[White "San Segundo Carrillo, Pablo"]
[Black "Argandona Riveiro, Inigo"]
[Result "1/2-1/2"]
[PlyCount "21"]
[EventDate "2008.09.03"]
[EventType "team"]
[EventRounds "5"]
[EventCountry "ESP"]
[Source "lmi"]
[SourceDate "2008.09.03"]
[WhiteElo "2560"]
[BlackElo "2375"]

1. d4 d5 2. Nf3 c6 3. c4 e6 4. Nbd2 f5 5. g3 Nd7 6. Bg2 Bd6 7. O-O Qf6 8. b3
Ne7 9. Bb2 g5 10. Qc1 g4 11. Nh4 1/2-1/2

[Event "España tch División de Honor Grupo 1"]
[Site "Palma de Mallorca ESP"]
[Date "2008.09.06"]
[Round "4.35"]
[White "Akopian, Vladimir"]
[Black "Romero Holmes, Alfonso"]
[Result "1-0"]
[PlyCount "67"]
[EventDate "2008.09.03"]
[EventType "team"]
[EventRounds "5"]
[EventCountry "ESP"]
[Source "lmi"]
[SourceDate "2008.09.03"]
[WhiteElo "2673"]
[BlackElo "2534"]

1. e4 c5 2. Nf3 d6 3. d4 cxd4 4. Nxd4 Nf6 5. Nc3 g6 6. Be3 Bg7 7. f3 a6 8. Qd2
Nbd7 9. g4 b5 10. h4 Bb7 11. h5 Rg8 12. hxg6 hxg6 13. O-O-O Rc8 14. g5 Nh5 15.
Bh3 Rc4 16. Nd5 Ne5 17. b3 Bxd5 18. exd5 Rxd4 19. Qxd4 Nc4 20. Qa7 Nxe3 21.
Qxe3 Qa5 22. Kb1 Be5 23. Bg4 Qa3 24. c3 b4 25. Qa7 Kf8 26. Qb8+ Kg7 27. Qxb4
Qxb4 28. cxb4 Nf4 29. Rhe1 Rh8 30. a4 Rh2 31. Rxe5 dxe5 32. Bc8 Rf2 33. Bxa6
Rxf3 34. Bc4 1-0

[Event "España tch División de Honor Grupo 1"]
[Site "Palma de Mallorca ESP"]
[Date "2008.09.07"]
[Round "5.13"]
[White "Moiseenko, Alexander"]
[Black "Fernandez Romero, Ernesto"]
[Result "1-0"]
[PlyCount "169"]
[EventDate "2008.09.03"]
[EventType "team"]
[EventRounds "5"]
[EventCountry "ESP"]
[Source "lmi"]
[SourceDate "2008.09.03"]
[WhiteElo "2632"]
[BlackElo "2455"]

1. d4 d5 2. c4 c6 3. Nf3 Nf6 4. Nc3 a6 5. c5 Nbd7 6. Bf4 Nh5 7. g3 g6 8. Qd2
Nxf4 9. gxf4 Bg7 10. e3 O-O 11. h4 Nf6 12. Bd3 Bf5 13. Bxf5 gxf5 14. Na4 Qc7
15. O-O-O Kh8 16. Kb1 e6 17. Rdg1 Rg8 18. Nb6 Rae8 19. Qe2 Bh6 20. Ng5 Rg6 21.
Rg2 Reg8 22. Rhg1 Qe7 23. Qf1 Nd7 24. Nxd7 Qxd7 25. Nf3 f6 26. Kc2 Qf7 27. Rg3
Bf8 28. Qe1 Be7 29. Rxg6 hxg6 30. Rg3 Bd8 31. Qh1 Rg7 32. Qg2 Kg8 33. a3 Kf8
34. Kb1 Kg8 35. Kc2 Kf8 36. Kd1 Kg8 37. Ke2 Kf8 38. Kf1 Qg8 39. Ke1 Qf7 40. Kd2
Kg8 41. Qg1 Kf8 42. b4 Kg8 43. a4 Kh8 44. Qb1 Qd7 45. Rg1 Qe8 46. Qb2 Kh7 47.
Rb1 Bc7 48. b5 axb5 49. axb5 Re7 50. b6 Bb8 51. Qc2 Qf8 52. Rg1 Qh6 53. Qc3 Qf8
54. Qa1 Qe8 55. Qf1 Rg7 56. Qh3 Qf7 57. Rh1 Qe7 58. Ne1 Qd7 59. Nd3 Qf7 60. Ra1
Rg8 61. Rg1 Rg7 62. Ne1 Qe7 63. Nf3 Rg8 64. Qg3 Rg7 65. Ke2 Rg8 66. Rh1 Rg7 67.
Qh3 Qe8 68. Ra1 Rg8 69. Ra8 Qe7 70. Qh1 Re8 71. Ra1 Rg8 72. Rg1 Rg7 73. Qh2 Rg8
74. Qh3 Rg7 75. Qg2 e5 76. h5 g5 77. fxg5 fxg5 78. h6 Rg8 79. Nxg5+ Kh8 80. Qh3
Rf8 81. Nf3 exd4 82. Qg2 d3+ 83. Kd2 Re8 84. Qg7+ Qxg7 85. Rxg7 1-0